000 00950cab a2200313 4500
001 ABS44380
008 090401t1991 xxu||||| |||| 00| 0 eng d
035 _a(Sirsi) u46837
041 _aeng
100 _aGriffin, C.
245 _aMortgagable PRCs after low cost repairs
260 _c1991
350 _a0
490 _aHousing and Planning Review
_v46(2) April/May 1991, 18 (1)
520 _aReports on companies, which have been repairing PRC houses according to schemes approved by building societies but which are less expensive than repairs stipulated by PRC Homes .
650 _aAIREY
650 _aCORNISH
650 _aDYKE
650 _aHOUSING DEFECTS ACT 1984
650 _aMORTGAGES
650 _aNEWLAND
650 _aPRC HOUSES
650 _aPREFABRICATED HOUSES
650 _aTARRAN
650 _aUNITY
690 _aBUILDING AND CONSTRUCTION-REPAIRS AND MAINTENANCE
942 _n0
948 _c04/03/1997
999 _c29573
_d29573